00451nam a22001697a 450000500170000001000130001702000100003003500130004003700130005308200080006610000260007424500750010026000410017527000370021630000220025350000060027520180523135518.0 aA-714406 c17.00 aA-714406 bBPPD/PUB a921 aTagore, Alokendranath aAbanindranath Tagore:bprince among painters/cby Alokendranath Tagore aNew DelhibNational Book Trustc1989 aA5 Green ParkbNew Delhie110016 av, 85p.c20cm(Hb) a